000 02219nam0a2200397 4500
001 RU\NLR\bibl\1657837
005 20260406105801.0
010 _a978-5-9567-1039-5
_94000
021 _aRU
_b2010-45875
_93055
035 _a(NLR Aleph) 001649135
090 _a910514
_c910514
100 _a20100723d2010 |||y0rusy50 ca
101 0 _arus
102 _aRU
105 _aa |||||||||
200 1 _aСамые красивые поделки из бумаги
_fЕ. Каминская
210 _aРостов-на-Дону
_cВладис
_d2010
215 _a401, 399 с. встреч. паг.
_cил.
_d15
225 1 _aСерия "Удобная библиотека 2 в 1 (перевертыш)"
225 1 _a2 в 1
300 _aНа обл. обеих кн. авт. не указаны
309 _aКн.-перевертыш
309 _aДанное изд. выходит в двух разных вариантах полигр. оформления. 1-е произведение "Поделки из бумаги для начинающих" и "Самые красивые поделки из бумаги"; 2-е произведение "Оригами для начинающих" и "Оригами для детей и взрослых"
423 0 _12001#$aОригами для детей и взрослых$fА. Гарматин
_1210##$aРостов-на-Дону$d2010
_1215##$aС. 1-399
_1700#1$aГарматин$bА. А.$gАлексей Алексеевич$4070
_tОригами для детей и взрослых
_aГарматин, Алексей Алексеевич
517 0 _aПоделки из бумаги
517 0 _aОригами для начинающих
606 1 _aПоделки из бумаги
_92229082
_3RU\NLR\auth\661338008
606 1 _aОригами
_91856321
_3RU\NLR\auth\66841570
686 _aМ78
686 _aЧ711.259
700 1 _4070
_8rus
_7ca
_aКаминская
_bЕ. А.
_cпопуляризатор
_gЕлена Анатольевна
_3RU\NLR\auth\77103371
_986297
801 0 _aRU
_bNLR
_c20100723
_gRCR
801 1 _aRU
_bNLR
_c20100723
942 _cBOOK
980 _aNB